000 00338cam a2200133u 4500
040 _cCarP
082 _a330 ATH 1965 A074 Or.
100 1 _aSamuelson, Paul A.
245 1 0 _aFoundations of economic analysis.
260 _aNew York,
_bAtheneum,
_c1965.
300 _axx, 447 p.
_c21 cm.
650 0 _aEconomics, Mathematical.
942 _cEK
999 _c15178
_d15178